| 000 | 00697nam a2200217Ia 4500 | ||
|---|---|---|---|
| 001 | 64328 | ||
| 003 | OSt | ||
| 005 | 20160419113344.0 | ||
| 008 | 150204s9999 xx 000 0 und d | ||
| 020 | _aNA | ||
| 040 | _cPK-LaUMT | ||
| 082 |
_a 954.0316 _bMOL-H |
||
| 100 | _aMolison, G. B. | ||
| 245 |
_a(ہند کے انگریز حکمران لارڈ ڈلہوزی)Hind kay angraiz hukmaraan Lord Dalhozi 1848-1856 (Urdu) _c(مولسن جی بی ) (ابن حسن)Molison, G. B.|Ibn Hassan |
||
| 260 |
_a(لاہور،پاکستان)Lahore,Pakistan: _b(تخلیقات)Takhleqaat, _c2005 |
||
| 300 | _a190 p. | ||
| 546 | _aUR | ||
| 650 | _aLord Dalhozi | ||
| 700 | _aIbn Hassan | ||
| 942 |
_cBK _2ddc |
||
| 999 |
_c65477 _d65477 |
||